Popular mechanics do-it-yourself encyclopedia. (Запис № 537933)

МАРК-запис
000 -LEADER
fixed length control field 01132cam a22002651 4500
001 - CONTROL NUMBER
control field popularmechanic09newy
003 - CONTROL NUMBER IDENTIFIER
control field CaSfIA
005 - DATE AND TIME OF LATEST TRANSACTION
control field 20210118211235.0
007 - PHYSICAL DESCRIPTION FIXED FIELD--GENERAL INFORMATION
fixed length control field cr||||
008 - FIXED-LENGTH DATA ELEMENTS--GENERAL INFORMATION
fixed length control field 700716m19689999nyua e 00000 eng
010 ## - LIBRARY OF CONGRESS CONTROL NUMBER
LC control number 68003759
035 ## - SYSTEM CONTROL NUMBER
System control number (DLC) 68003759
040 ## - CATALOGING SOURCE
Original cataloging agency DLC
Transcribing agency DLC
Modifying agency DLC
-- BIBLIOS
-- CaSfIA
050 00 - LIBRARY OF CONGRESS CALL NUMBER
Classification number TT155
Item number .P75
082 00 - DEWEY DECIMAL CLASSIFICATION NUMBER
Classification number 600
245 00 - TITLE STATEMENT
Title Popular mechanics do-it-yourself encyclopedia.
Medium [electronic resource]
260 0# - PUBLICATION, DISTRIBUTION, ETC. (IMPRINT)
Place of publication, distribution, etc New York,
Name of publisher, distributor, etc Book Division, Hearst Magazines
Date of publication, distribution, etc [1968-
300 ## - PHYSICAL DESCRIPTION
Extent v.
Other physical details illus. (part col.)
Dimensions 28 cm.
506 ## - RESTRICTIONS ON ACCESS NOTE
Standardized terminology for access restriction Необхідна авторизація на https://archive.org/ (створення облікового запису безкоштовно)
506 ## - RESTRICTIONS ON ACCESS NOTE
Standardized terminology for access restriction Необхідна авторизація на https://openlibrary.org/ (створення облікового запису безкоштовно)
650 #0 - SUBJECT ADDED ENTRY--TOPICAL TERM
Topical term or geographic name as entry element Handicraft
General subdivision Encyclopedias.
650 #0 - SUBJECT ADDED ENTRY--TOPICAL TERM
Topical term or geographic name as entry element Do-it-yourself work
General subdivision Encyclopedias.
856 41 - ELECTRONIC LOCATION AND ACCESS
Uniform Resource Identifier <a href="http://www.archive.org/details/popularmechanic09newy">http://www.archive.org/details/popularmechanic09newy</a>
Public note Free eBook from the Internet Archive
Materials specified Volume 9
942 ## - ADDED ENTRY ELEMENTS (KOHA)
Koha item type ЕКнига

Немає доступних примірників.